Macro Economics/ (Record no. 216085)

MARC details
000 -LEADER
fixed length control field 00749nam a22002177a 4500
005 - DATE AND TIME OF LATEST TRANSACTION
control field 20260507111200.0
010 ## - LCCN (DPL NO)
LC control number ENG-148386
020 ## - INTERNATIONAL STANDARD BOOK NUMBER
Terms of availability 250.00
International Standard Book Number 9789388398534
035 ## - SYSTEM CONTROL NUMBER
System control number EN-131918
037 ## - SOURCE OF ACQUISITION
Source of stock number/acquisition DBAD
082 ## - DEWEY DECIMAL CLASSIFICATION NUMBER
Classification number 005.72
Edition number 1
100 ## - MAIN ENTRY--PERSONAL NAME
Personal name S. Jeevitha
245 ## - TITLE STATEMENT
Title Macro Economics/
Statement of responsibility, etc S. Jeevitha; M. Indirani [and] D. Rasi
250 ## - EDITION STATEMENT
Edition statement 1
260 ## - PUBLICATION, DISTRIBUTION, ETC. (IMPRINT)
Place of publication, distribution, etc Tamil Nadu, India
Name of publisher, distributor, etc Shanlax Publications
Date of publication, distribution, etc 2019
270 ## - ADDRESS
City Tamil Nadu
Address Shanlax Publications, Vasantha Nagar, Madurai, Tamil Nadu
Postal code 625003
Electronic mail address www.shanlaxpublications.com
-- publisher@shanlaxpublications.com
300 ## - PHYSICAL DESCRIPTION
Extent 166p.
Dimensions 22cm (pb)
700 ## - ADDED ENTRY--PERSONAL NAME
Personal name M. Indirani
Relator term Author
9 (RLIN) 68236
700 ## - ADDED ENTRY--PERSONAL NAME
Personal name D. Rasi
Relator term Author
9 (RLIN) 68237
942 ## - ADDED ENTRY ELEMENTS (KOHA)
Source of classification or shelving scheme Dewey Decimal Classification
Item type English Books
Classification part 005.72
Call number suffix SJE
Edition 1
Holdings
Withdrawn status Lost status Not for loan Collection code Home library Current library Date acquired Source of acquisition Cost, normal purchase price Full call number Barcode Copy number Cost, replacement price Koha item type
    Not For Loan Non-fiction D.B.Act.Division D.B.Act.Division 07/05/2026 Delivery of Books Act Division 250.00 005.72 SJE EN-131918 1 250.00 English Books

© Delhi Public Library
Hit Counter
free hit counter